Normal view
MARC view
Entry Personal Name
001 - CONTROL NUMBER
- control field: 17282
003 - CONTROL NUMBER IDENTIFIER
- control field: BD-RjUL
005 - DATE AND TIME OF LATEST TRANSACTION
- control field: 20251104143342.0
008 - FIXED-LENGTH DATA ELEMENTS
- fixed length control field: 251104|| aca||aabn | a|a d
040 ## - CATALOGING SOURCE
- Original cataloging agency: BD-RjUL
- Transcribing agency: BD-RjUL
100 ## - HEADING--PERSONAL NAME
- Personal name: Brown, John Russell
670 ## - SOURCE DATA FOUND
- Source citation: Work cat.: (BD-RjUL)85918: Brown, John Russell., Shakespeare: , 1963.